Movies Quiz

Random Movies or Actor Quiz
Score 0/40 Timer 05:00
2 Plays Today
Movie Cast % Correct
The Dark Knight (2008)Heath Ledger...
95.3%
Tropic Thunder (2008)Ben Stiller...
92.9%
X2: X-Men United (2003)Patrick Stewart...
90%
Armageddon (1998)Bruce Willis...
87.9%
Inception (2010)Leonardo DiCaprio...
87.7%
American Graffiti (1973)Richard Dreyfuss...
87.1%
Love Actually (2003)Bill Nighy...
83.3%
JFK (1991)Kevin Costner...
83.2%
The Butler (2013)Forest Whitaker...
82.2%
August: Osage County (2013)Julia Roberts...
80%
Valentine's Day (2010)Jessica Alba...
78.9%
A Time To Kill (1996)Matthew McConaughey...
78.9%
Out Of Sight (1998)Jennifer Lopez...
78.7%
Babel (2006)Brad Pitt...
78.3%
Contagion (2011)Matt Damon...
77.7%
Heat (1995)Robert De Niro...
77.2%
Any Given Sunday (1999)Al Pacino...
75.6%
Almost Famous (2000)Kate Hudson...
71.9%
The Outsiders (1983)Matt Dillon...
71.7%
Cop Land (1997)Sylvester Stallone...
71.6%
Movie Cast % Correct
200 Cigarettes (1999) Ben Affleck...
71.5%
Gangster Squad (2013)Ryan Gosling...
71.4%
Silverado (1985)Kevin Kline...
69.5%
The Help (2011)Emma Stone...
68.8%
Much Ado About Nothing (1993)Denzel Washington...
68.1%
A Prairie Home Companion (2006)Meryl Streep...
68.1%
Smokin' Aces (2006)Ryan Reynolds...
66.3%
This Is the End (2013)Seth Rogen...
64.7%
Tinker Tailor Soldier Spy (2011)Gary Oldman...
62.8%
Rat Race (2001)Cuba Gooding, Jr...
62.2%
Parenthood (1989)Steve Martin...
60.6%
Deconstructing Harry (1997)Woody Allen...
55.3%
Hamlet (1996)Kenneth Branagh...
53.1%
Silent Movie (1976) Mel Brooks...
51%
The Ice Storm (1997)Joan Allen...
50.8%
Dogville (2003)Nicole Kidman...
47.1%
Playing by Heart (1998)Ellen Burstyn...
44.1%
It's a Mad, Mad, Mad, Mad World (1963)Spencer Tracy...
42.4%
Murder by Death (1976)Alec Guinness...
36.1%
The Women (1939)Joan Crawford...
18.4%

You're not logged in!

Compare scores with friends on all Sporcle quizzes.
OR
Log In

Sporcle TV

Today on Sporcle TV


Watch our educational content, quiz creation guides, and fun videos on Sporcle TV.

Show Comments

Extras

Top Quizzes Today


Score Distribution

Paid Content

Your Account Isn't Verified!

In order to create a playlist on Sporcle, you need to verify the email address you used during registration. Go to your Sporcle Settings to finish the process.

Report this User

Report this user for behavior that violates our Community Guidelines.

Details: